Normal view
MARC view
- COMUNIDAD ECONOMICA EUROPEA -
Entry Nombre Corporativo
001 - NÚMERO DE CONTROL
- campo de control: 11474
003 - IDENTIFICADOR DE NUMERO DE CONTROL
- campo de control: UPN
005 - FECHA Y HORA DE LA ÜLTIMA TRANSACCIÓN
- campo de control: 20210219193756.0
008 - DATOS DE LONGITUD FIJA
- campo de control de longitud fija: nabaccnnaabn|||||||||| b |nc|||||d
035 ## - NÚMERO DE CONTROL
- Número de control: UPN10000011481
040 ## - FUENTE DE CATALOGACIÓN
- Lenguaje de catalogación: SPA
- Agencia transcribe: UPN
110 2# - ENCABEZAMIENTO - NOMBRE CORPORATIVO
- Nombre corporativo o de jurisdicción como elemento de entrada : COMUNIDAD ECONOMICA EUROPEA -
- Subdivisión temática general: CONDICIONES ECONOMICAS
670 ## - FUENTE EN LA QUE SE LOCALIZARON DATOS
- Cita de la fuente : LC
- Información localizada: European Economic Community - Economic conditions
902 ## - CATALOGADOR
- Catalogador: MEEG/090500
